000 00240nam a22000857a 4500
008 160926b xxu||||| |||| 00| 0 eng d
100 _9753
_aBala Subramanian.P.
245 _aBridges Activity Books-6
260 _aNew Delhi
_bFrank Publications
_c2012
999 _c3410
_d3410